000 00298nam a22001337a 4500
008 170619b xxu||||| |||| 00| 0 eng d
020 _a1403971455
041 _aeng
080 _a32
100 _a20
101 _aSHP
245 _aPOLITICS IS ABOUT RELATIONSHIP
_cSAUNDERS,H,H
942 _2udc
_cBK
999 _c18183
_d18183